<?xml version="1.0" encoding="UTF-8"?>
<record
    xmlns:xsi="http://www.w3.org/2001/XMLSchema-instance"
    xsi:schemaLocation="http://www.loc.gov/MARC21/slim http://www.loc.gov/standards/marcxml/schema/MARC21slim.xsd"
    xmlns="http://www.loc.gov/MARC21/slim">

  <leader>00790nam a22002417a 4500</leader>
  <controlfield tag="001">32574</controlfield>
  <controlfield tag="003">BD-RjUL</controlfield>
  <controlfield tag="005">20211209051846.0</controlfield>
  <controlfield tag="008">140427r19881982ii ||||| |||| 00| 0 eng d</controlfield>
  <datafield tag="035" ind1=" " ind2=" ">
    <subfield code="a">(BD-RjUL)32663</subfield>
  </datafield>
  <datafield tag="040" ind1=" " ind2=" ">
    <subfield code="a">BD-RjUL</subfield>
    <subfield code="b">eng</subfield>
    <subfield code="c">BD-RjUL</subfield>
  </datafield>
  <datafield tag="041" ind1=" " ind2=" ">
    <subfield code="a">eng</subfield>
  </datafield>
  <datafield tag="082" ind1="0" ind2="4">
    <subfield code="a">370.917671</subfield>
    <subfield code="b">ALI 1988</subfield>
  </datafield>
  <datafield tag="100" ind1="1" ind2=" ">
    <subfield code="a">Al Faruqi, Ismail Raji.</subfield>
    <subfield code="9">99082</subfield>
  </datafield>
  <datafield tag="245" ind1="1" ind2="0">
    <subfield code="a">Islamization of knowledge :</subfield>
    <subfield code="b">general principles and work plan /</subfield>
    <subfield code="c">Ismail Raji Al Faruqi.</subfield>
  </datafield>
  <datafield tag="260" ind1=" " ind2=" ">
    <subfield code="a">Aligarh [India] :</subfield>
    <subfield code="b">Centre for studies on Science,</subfield>
    <subfield code="c">c1982 [reprinted 1988].</subfield>
  </datafield>
  <datafield tag="300" ind1=" " ind2=" ">
    <subfield code="a">60 p. ;</subfield>
    <subfield code="c">22 cm.</subfield>
  </datafield>
  <datafield tag="650" ind1=" " ind2="0">
    <subfield code="a">Islamic education</subfield>
    <subfield code="v">Philosophy.</subfield>
    <subfield code="9">99083</subfield>
  </datafield>
  <datafield tag="650" ind1=" " ind2="0">
    <subfield code="a">Islam</subfield>
    <subfield code="y">20th century.</subfield>
    <subfield code="9">98018</subfield>
  </datafield>
  <datafield tag="710" ind1="2" ind2=" ">
    <subfield code="a"> International Institute of Islamic Thought.</subfield>
    <subfield code="9">98483</subfield>
  </datafield>
  <datafield tag="942" ind1=" " ind2=" ">
    <subfield code="2">ddc</subfield>
    <subfield code="c">BK</subfield>
  </datafield>
  <datafield tag="999" ind1=" " ind2=" ">
    <subfield code="c">32574</subfield>
    <subfield code="d">32574</subfield>
  </datafield>
  <datafield tag="952" ind1=" " ind2=" ">
    <subfield code="0">0</subfield>
    <subfield code="1">0</subfield>
    <subfield code="2">ddc</subfield>
    <subfield code="4">0</subfield>
    <subfield code="7">1</subfield>
    <subfield code="8">NFIC</subfield>
    <subfield code="a">RUCL</subfield>
    <subfield code="b">RUCL</subfield>
    <subfield code="c">Reading</subfield>
    <subfield code="d">1989-02-09</subfield>
    <subfield code="e">Asia Foundation, Gift.</subfield>
    <subfield code="l">0</subfield>
    <subfield code="o">370.917671 ALI 1988</subfield>
    <subfield code="r">2014-04-27 00:00:00</subfield>
    <subfield code="t">C-1</subfield>
    <subfield code="w">2014-04-27</subfield>
    <subfield code="y">BK</subfield>
  </datafield>
  <datafield tag="952" ind1=" " ind2=" ">
    <subfield code="0">0</subfield>
    <subfield code="1">0</subfield>
    <subfield code="2">ddc</subfield>
    <subfield code="4">0</subfield>
    <subfield code="7">0</subfield>
    <subfield code="8">NFIC</subfield>
    <subfield code="a">RUCL</subfield>
    <subfield code="b">RUCL</subfield>
    <subfield code="c">Stack</subfield>
    <subfield code="d">1989-02-09</subfield>
    <subfield code="e">Asia Foundation, Gift.</subfield>
    <subfield code="l">0</subfield>
    <subfield code="o">370.917671 ALI 1988</subfield>
    <subfield code="r">2014-04-27 00:00:00</subfield>
    <subfield code="t">C-2</subfield>
    <subfield code="w">2014-04-27</subfield>
    <subfield code="y">BK</subfield>
  </datafield>
  <datafield tag="952" ind1=" " ind2=" ">
    <subfield code="0">0</subfield>
    <subfield code="1">0</subfield>
    <subfield code="2">ddc</subfield>
    <subfield code="4">0</subfield>
    <subfield code="7">0</subfield>
    <subfield code="8">NFIC</subfield>
    <subfield code="a">RUCL</subfield>
    <subfield code="b">RUCL</subfield>
    <subfield code="c">Stack</subfield>
    <subfield code="d">1989-02-09</subfield>
    <subfield code="e">Asia Foundation, Gift.</subfield>
    <subfield code="l">0</subfield>
    <subfield code="o">370.917671 ALI 1988</subfield>
    <subfield code="r">2014-04-27 00:00:00</subfield>
    <subfield code="t">C-3</subfield>
    <subfield code="w">2014-04-27</subfield>
    <subfield code="y">BK</subfield>
  </datafield>
  <datafield tag="952" ind1=" " ind2=" ">
    <subfield code="0">0</subfield>
    <subfield code="1">0</subfield>
    <subfield code="2">ddc</subfield>
    <subfield code="4">0</subfield>
    <subfield code="7">0</subfield>
    <subfield code="8">NFIC</subfield>
    <subfield code="a">RUCL</subfield>
    <subfield code="b">RUCL</subfield>
    <subfield code="c">Stack</subfield>
    <subfield code="d">1989-02-09</subfield>
    <subfield code="e">Asia Foundation, Gift.</subfield>
    <subfield code="l">0</subfield>
    <subfield code="o">370.917671 ALI 1988</subfield>
    <subfield code="r">2014-04-27 00:00:00</subfield>
    <subfield code="t">C-5</subfield>
    <subfield code="w">2014-04-27</subfield>
    <subfield code="y">BK</subfield>
  </datafield>
</record>
